All TMNT Basic Line Figures 1988-1994 - Statistics

General Stats
  • This quiz has been taken 257 times
  • The average score is 33 of 66
Answer Stats
Hint Answer % Correct
Donatello
98%
1988 Leonardo
98%
April O'Neil
97%
Michaelangelo
97%
Raphael
97%
Splinter
97%
Shredder
96%
Rocksteady
93%
Bebop
91%
Casey Jones
90%
1989 Krang
90%
Foot Soldier
80%
Baxter Stockman
75%
Leatherhead
66%
Metalhead
62%
Rat King
61%
1990 Slash
61%
Mondo Gecko
56%
Usagi Yojimbo
56%
Wingnut & Screwloose
56%
Muckman & Joe Eyeball
55%
Genghis Frog
54%
Napoleon Bonafrog
54%
Rahzar
53%
Tokka
51%
Ace Duck
50%
General Traag
50%
Mutagen Man
48%
Dirtbag
45%
Pizzaface
45%
1991 Super Shredder
45%
Triceraton
45%
Fugitoid
43%
Groundchuck
43%
Scumbug
43%
Chrome Dome
42%
Ray Fillet
42%
Zak, the Neutrino
40%
Antrax
39%
Panda Khan
38%
Tattoo
38%
Halfcourt
37%
Hothead
36%
Mona Lisa
36%
Scratch
35%
Merdude
33%
Sandstorm
33%
Wyrm
33%
King Lionheart
32%
Monty Moose
32%
Sergeant Bananas
32%
Doctor El
31%
Hot Spot
31%
Space Usagi
31%
Walkabout
31%
Scaletail
29%
1994 Krang's Android Body
27%
Robotic Rocksteady
27%
April, the Ravishing Reporter
26%
1993 Robotic Bebop
26%
1992 Movie Star Splinter
24%
Movie Star Foot Soldier
23%
April, the Ninja Newscaster
22%
Rock 'N Roll Mondo Gecko
22%
April II (Purple Trim)
21%
Robotic Foot Soldier
19%
No matching quizzes found
Score Distribution
Percent of People with Each Score
Percentile by Number Answered
Your Score History
You have not taken this quiz